[Event "Irish International Open 2019"]
[Site "Dublin"]
[Date "2019.04.21"]
[Round "8.4"]
[White "Saric, Ante"]
[Black "Thorfinnsson, Bjorn"]
[Result "1-0"]
[WhiteElo "2530"]
[BlackElo "2399"]
[Annotator "ChessBase"]
[PlyCount "95"]
[EventDate "2019.02.28"]
[EventType "swiss"]
[EventCountry "IRL"]
[SourceTitle "playchess.com"]
[Source "ChessBase"]
[SourceQuality "1"]
[TimeControl "5400+30"]

1. Nf3 {[%emt 0:00:00]} Nf6 {[%emt 0:00:00]} 2. c4 {[%emt 0:00:00]} e6 {[%emt 0:00:21]} 3. g3 {[%emt 0:00:00]} g6 {[%emt 0:00:47]} 4. Bg2 {[%emt 0:01:33]} Bg7 {[%emt 0:00:14]} 5. O-O {[%emt 0:04:49]} O-O {[%emt 0:00:19]} 6. d4 {[%emt 0:01:25]} d5 {[%emt 0:02:05]} 7. Nc3 {[%emt 0:02:29]} Nbd7 {[%emt 0:03:25]} 8. b3 {[%emt 0:01:56]} b6 {[%emt 0:12:51]} 9. cxd5 {[%emt 0:02:47]} Nxd5 {[%emt 0:01:04]} 10. Nxd5 {[%emt 0:00:45]} exd5 {[%emt 0:00:04]} 11. Bg5 {[%emt 0:02:43]} Qe8 {[%emt 0:01:59]} 12. Rc1 {[%emt 0:06:25]} Ba6 {[%emt 0:03:26]} 13. Re1 {[%emt 0:02:42]} c5 {[%emt 0:03:22]} 14. dxc5 {[%emt 0:04:56]} Nxc5 {[%emt 0:00:07]} 15. Be3 {[%emt 0:04:32]} Rd8 {[%emt 0:17:23]} 16. Bxc5 {[%emt 0:03:51]} bxc5 {[%emt 0:00:04]} 17. Rxc5 {[%emt 0:00:22]} Qe7 {[%emt 0:03:39]} 18. Ra5 {[%emt 0:11:50]} Qb7 {[%emt 0:08:45]} 19. Nd4 {[%emt 0:11:11]} Qb6 {[%emt 0:03:52]} 20. Ra4 {[%emt 0:00:34]} Rfe8 {[%emt 0:01:56]} 21. e3 {[%emt 0:04:40]} Bf8 {[%emt 0:02:34]} 22. Bf1 {[%emt 0:07:21]} Bc8 {[%emt 0:01:12]} 23. Nc2 {[%emt 0:02:33]} Re4 {[%emt 0:11:40]} 24. Rd4 {[%emt 0:02:10]} Rxd4 {[%emt 0:00:21]} 25. Nxd4 {[%emt 0:02:21]} Bb7 {[%emt 0:00:35]} 26. Re2 {[%emt 0:00:42]} Rc8 {[%emt 0:00:20]} 27. Rc2 {[%emt 0:01:23]} Rxc2 {[%emt 0:00:07]} 28. Qxc2 {[%emt 0:01:04]} Bc5 {[%emt 0:00:09]} 29. Qc3 {[%emt 0:00:37]} a6 {[%emt 0:00:22]} 30. h4 {[%emt 0:00:43]} h5 {[%emt 0:00:07]} 31. Bg2 {[%emt 0:02:09]} Bb4 {[%emt 0:00:22]} 32. Qd3 {[%emt 0:00:29]} Qa5 {[%emt 0:00:24]} 33. a4 {[%emt 0:01:22]} Bd6 {[%emt 0:00:10]} 34. Bf3 {[%emt 0:00:55]} Qe1+ {[%emt 0:02:35]} 35. Kg2 {[%emt 0:00:02]} Qa5 {[%emt 0:00:39]} 36. Ne2 {[%emt 0:01:25]} Be5 {[%emt 0:01:00]} 37. Nf4 {[%emt 0:02:21]} Bxf4 {[%emt 0:00:05]} 38. gxf4 {[%emt 0:02:44]} Qd8 {[%emt 0:00:52]} 39. Kg3 {[%emt 0:00:53]} Qd7 {[%emt 0:00:10]} 40. f5 {[%emt 0:01:06]} gxf5 {[%emt 0:02:48]} 41. Qd4 {[%emt 0:00:39]} Qd6+ {[%emt 0:03:41]} 42. Qf4 {[%emt 0:00:04]} Qb6 {[%emt 0:00:11]} 43. b4 {[%emt 0:02:27]} Bc6 {[%emt 0:01:33]} 44. a5 {[%emt 0:00:38]} Qb5 {[%emt 0:00:05]} 45. Qxf5 {[%emt 0:00:41]} Kg7 {[%emt 0:01:22]} 46. Bxh5 {[%emt 0:00:48]} Be8 {[%emt 0:13:53]} 47. Bf3 {[%emt 0:00:21]} Qxb4 {[%emt 0:00:00]} 48. Qg4+ {[%emt 0:00:25]} 1-0

[Event "Irish International Open 2019"]
[Site "Dublin"]
[Date "2019.04.21"]
[Round "8.5"]
[White "Brady, Stephen"]
[Black "Epishin, Vladimir"]
[Result "0-1"]
[WhiteElo "2301"]
[BlackElo "2568"]
[Annotator "ChessBase"]
[PlyCount "88"]
[EventDate "2019.02.28"]
[EventType "swiss"]
[EventCountry "IRL"]
[SourceTitle "playchess.com"]
[Source "ChessBase"]
[SourceQuality "1"]
[TimeControl "5400+30"]

1. b3 {[%emt 0:00:46]} d6 {[%emt 0:01:04]} 2. Bb2 {[%emt 0:00:07]} Nd7 {[%emt 0:00:09]} 3. Nf3 {[%emt 0:04:41]} e5 {[%emt 0:01:11]} 4. e3 {[%emt 0:01:40]} Be7 {[%emt 0:01:19]} 5. d4 {[%emt 0:00:39]} e4 {[%emt 0:02:10]} 6. Nfd2 {[%emt 0:00:05]} f5 {[%emt 0:00:56]} 7. c4 {[%emt 0:03:21]} Ndf6 {[%emt 0:03:58]} 8. Nc3 {[%emt 0:05:17]} Nh6 {[%emt 0:00:32]} 9. f3 {[%emt 0:05:49]} exf3 {[%emt 0:01:54]} 10. Qxf3 {[%emt 0:05:01]} O-O {[%emt 0:00:32]} 11. Bd3 {[%emt 0:01:18]} c6 {[%emt 0:02:56]} 12. d5 {[%emt 0:09:01]} c5 {[%emt 0:07:22]} 13. Qe2 {[%emt 0:15:33]} Nfg4 {[%emt 0:02:45]} 14. Nf3 {[%emt 0:00:54]} Bf6 {[%emt 0:01:02]} 15. Nd1 {[%emt 0:04:42]} Re8 {[%emt 0:13:41]} 16. O-O {[%emt 0:01:04]} Bxb2 {[%emt 0:02:08]} 17. Qxb2 {[%emt 0:00:07]} Nxe3 {[%emt 0:00:22]} 18. Nxe3 {[%emt 0:03:19]} Rxe3 {[%emt 0:00:08]} 19. Qd2 {[%emt 0:01:03]} Re8 {[%emt 0:00:11]} 20. Rae1 {[%emt 0:00:41]} Bd7 {[%emt 0:00:16]} 21. Rxe8+ {[%emt 0:03:06]} Qxe8 {[%emt 0:00:32]} 22. Qf4 {[%emt 0:12:20]} Qf8 {[%emt 0:02:45]} 23. Re1 {[%emt 0:00:15]} Qf6 {[%emt 0:05:26]} 24. h3 {[%emt 0:08:59]} Re8 {[%emt 0:03:59]} 25. Rxe8+ {[%emt 0:01:41]} Bxe8 {[%emt 0:00:01]} 26. Ng5 {[%emt 0:00:24]} Qe5 {[%emt 0:05:26]} 27. Qxe5 {[%emt 0:02:13]} dxe5 {[%emt 0:00:02]} 28. Ne6 {[%emt 0:03:23]} b6 {[%emt 0:00:29]} 29. a3 {[%emt 0:00:11]} Bd7 {[%emt 0:01:36]} 30. Nc7 {[%emt 0:00:22]} Kf8 {[%emt 0:01:22]} 31. b4 {[%emt 0:03:43]} Ke7 {[%emt 0:00:14]} 32. bxc5 {[%emt 0:00:16]} bxc5 {[%emt 0:00:10]} 33. Nb5 {[%emt 0:01:38]} a5 {[%emt 0:03:14]} 34. Nc3 {[%emt 0:00:22]} Nf7 {[%emt 0:00:21]} 35. Kf2 {[%emt 0:00:23]} Nd6 {[%emt 0:00:34]} 36. h4 {[%emt 0:00:24]} g6 {[%emt 0:00:42]} 37. g3 {[%emt 0:00:14]} h6 {[%emt 0:00:09]} 38. Ke3 {[%emt 0:00:34]} g5 {[%emt 0:00:29]} 39. hxg5 {[%emt 0:00:05]} hxg5 {[%emt 0:00:05]} 40. Be2 {[%emt 0:01:10]} f4+ {[%emt 0:01:53]} 41. gxf4 {[%emt 0:00:20]} exf4+ {[%emt 0:00:05]} 42. Kf3 {[%emt 0:01:47]} Kf6 {[%emt 0:00:16]} 43. Nb5 {[%emt 0:00:47]} Ke5 {[%emt 0:00:14]} 44. Nxd6 {[%emt 0:00:09]} g4+ {[%emt 0:00:05]} 0-1

[Event "Irish International Open 2019"]
[Site "Dublin"]
[Date "2019.04.21"]
[Round "8.6"]
[White "Jackson, James P"]
[Black "Han, Yichen"]
[Result "1-0"]
[WhiteElo "2388"]
[BlackElo "2190"]
[Annotator "NA"]
[PlyCount "61"]
[EventDate "2019.02.28"]
[EventType "swiss"]
[EventCountry "IRL"]
[SourceTitle "playchess.com"]
[Source "ChessBase"]
[SourceQuality "1"]
[TimeControl "5400+30"]

1. e4 {[%emt 0:00:00]} c5 {[%emt 0:00:00]} 2. d4 {[%emt 0:00:00]} cxd4 {[%emt 0:00:00]} 3. c3 {[%emt 0:00:00]} dxc3 {[%emt 0:00:06]} 4. Nxc3 {[%emt 0:00:00]} Nc6 {[%emt 0:00:37]} 5. Nf3 {[%emt 0:00:00]} e6 {[%emt 0:00:36]} 6. Bc4 {[%emt 0:00:00]} Qc7 {[%emt 0:00:26]} 7. O-O {[%emt 0:00:24]} Nf6 {[%emt 0:00:47]} 8. Nb5 {[%emt 0:00:45]} Qb8 {[%emt 0:01:09]} 9. e5 {[%emt 0:00:05]} a6 {[%emt 0:08:58]} 10. exf6 {[%emt 0:00:46]} axb5 {[%emt 0:00:10]} 11. fxg7 {[%emt 0:00:04]} Bxg7 {[%emt 0:00:07]} 12. Bxb5 {[%emt 0:00:05]} d6 {[%emt 0:09:16]} 13. Be3 {[%emt 0:05:36]} Bd7 {[%emt 0:02:18]} 14. Qd2 {[%emt 0:05:49]} Ne5 {[%emt 0:09:40]} 15. Bxd7+ {[%emt 0:00:42]} Nxd7 {[%emt 0:00:09]} 16. Bh6 {[%emt 0:02:41]} Bxh6 {[%emt 0:03:42]} 17. Qxh6 {[%emt 0:00:03]} Qd8 {[%emt 0:00:14]} 18. Rfd1 {[%emt 0:00:53]} d5 {[%emt 0:06:40]} 19. Rxd5 {[%emt 0:06:34]} exd5 {[%emt 0:00:29]} 20. Re1+ {[%emt 0:00:05]} Qe7 {[%emt 0:00:08]} 21. Rxe7+ {[%emt 0:00:05]} Kxe7 {[%emt 0:00:04]} 22. Qg5+ {[%emt 0:00:14]} Kd6 {[%emt 0:07:46]} 23. Qf4+ {[%emt 0:00:26]} Ke7 {[%emt 0:00:41]} 24. Qb4+ {[%emt 0:01:56]} Kd8 {[%emt 0:01:06]} 25. Qxb7 {[%emt 0:08:50]} Rxa2 {[%emt 0:01:05]} 26. g3 {[%emt 0:00:05]} Re8 {[%emt 0:01:50]} 27. Nd4 {[%emt 0:02:19]} Ke7 {[%emt 0:02:10]} 28. Qxd5 {[%emt 0:04:19]} Rxb2 {[%emt 0:01:24]} 29. Nc6+ {[%emt 0:00:12]} Kf8 {[%emt 0:00:53]} 30. Qd6+ {[%emt 0:00:52]} Kg8 {[%emt 0:00:08]} 31. Qxd7 {[%emt 0:00:23]} 1-0

[Event "Irish International Open 2019"]
[Site "Dublin"]
[Date "2019.04.21"]
[Round "8.7"]
[White "Longson, Alexander"]
[Black "De Verdier, Michael"]
[Result "1/2-1/2"]
[WhiteElo "2318"]
[BlackElo "2306"]
[Annotator "NA"]
[PlyCount "32"]
[EventDate "2019.02.28"]
[EventType "swiss"]
[EventCountry "IRL"]
[SourceTitle "playchess.com"]
[Source "ChessBase"]
[SourceQuality "1"]
[TimeControl "5400+30"]

1. e4 {[%emt 0:00:00]} e6 {[%emt 0:00:00]} 2. d4 {[%emt 0:00:14]} d5 {[%emt 0:00:00]} 3. Nd2 {[%emt 0:00:17]} c5 {[%emt 0:00:00]} 4. exd5 {[%emt 0:01:12]} exd5 {[%emt 0:00:00]} 5. Ngf3 {[%emt 0:01:34]} Nc6 {[%emt 0:00:09]} 6. dxc5 {[%emt 0:02:07]} Bxc5 {[%emt 0:00:14]} 7. Nb3 {[%emt 0:01:14]} Bb6 {[%emt 0:02:27]} 8. Bd3 {[%emt 0:04:13]} Nf6 {[%emt 0:02:57]} 9. O-O {[%emt 0:01:13]} O-O {[%emt 0:00:06]} 10. Bg5 {[%emt 0:06:09]} Bg4 {[%emt 0:04:29]} 11. Re1 {[%emt 0:04:41]} Qd6 {[%emt 0:05:13]} 12. Bh4 {[%emt 0:06:50]} Rfe8 {[%emt 0:05:29]} 13. Bg3 {[%emt 0:12:14]} Rxe1+ {[%emt 0:01:16]} 14. Qxe1 {[%emt 0:00:29]} Qe6 {[%emt 0:01:44]} 15. Qxe6 {[%emt 0:04:16]} Bxe6 {[%emt 0:02:38]} 16. c3 {[%emt 0:09:53]} Ne4 {[%emt 0:03:16]} 1/2-1/2

[Event "Irish International Open 2019"]
[Site "Dublin"]
[Date "2019.04.21"]
[Round "8.9"]
[White "Li, Henry"]
[Black "Doyle, Hugh"]
[Result "1/2-1/2"]
[WhiteElo "2308"]
[BlackElo "2042"]
[Annotator "ChessBase"]
[PlyCount "98"]
[EventDate "2019.02.28"]
[EventType "swiss"]
[EventCountry "IRL"]
[SourceTitle "playchess.com"]
[Source "ChessBase"]
[SourceQuality "1"]
[TimeControl "5400+30"]

1. e4 {[%emt 0:00:00]} c6 {[%emt 0:13:03]} 2. d4 {[%emt 0:00:00]} d5 {[%emt 0:00:06]} 3. exd5 {[%emt 0:00:00]} cxd5 {[%emt 0:00:14]} 4. c4 {[%emt 0:00:22]} e6 {[%emt 0:00:27]} 5. Nf3 {[%emt 0:00:12]} Nc6 {[%emt 0:00:28]} 6. Nc3 {[%emt 0:00:31]} Nf6 {[%emt 0:00:26]} 7. cxd5 {[%emt 0:00:27]} exd5 {[%emt 0:02:05]} 8. Bd3 {[%emt 0:00:17]} Be7 {[%emt 0:01:14]} 9. h3 {[%emt 0:00:13]} O-O {[%emt 0:00:43]} 10. O-O {[%emt 0:00:07]} Be6 {[%emt 0:02:51]} 11. Re1 {[%emt 0:00:24]} Re8 {[%emt 0:03:20]} 12. Bg5 {[%emt 0:00:31]} Nd7 {[%emt 0:07:09]} 13. Bxe7 {[%emt 0:06:30]} Rxe7 {[%emt 0:03:44]} 14. Qd2 {[%emt 0:02:00]} Nf8 {[%emt 0:02:42]} 15. Ne5 {[%emt 0:05:32]} Nb4 {[%emt 0:09:42]} 16. Bb5 {[%emt 0:10:44]} f6 {[%emt 0:02:01]} 17. Nf3 {[%emt 0:02:19]} Qd6 {[%emt 0:10:01]} 18. a3 {[%emt 0:03:52]} Nc6 {[%emt 0:00:34]} 19. b4 {[%emt 0:00:48]} a6 {[%emt 0:01:29]} 20. Bxc6 {[%emt 0:08:10]} Qxc6 {[%emt 0:02:40]} 21. Rac1 {[%emt 0:00:32]} Qd6 {[%emt 0:04:14]} 22. Na4 {[%emt 0:01:23]} Nd7 {[%emt 0:01:01]} 23. Qc3 {[%emt 0:07:36]} b5 {[%emt 0:03:55]} 24. Qc6 {[%emt 0:00:58]} Qxc6 {[%emt 0:00:33]} 25. Rxc6 {[%emt 0:00:06]} bxa4 {[%emt 0:12:42]} 26. Rcxe6 {[%emt 0:00:16]} Rxe6 {[%emt 0:00:21]} 27. Rxe6 {[%emt 0:00:05]} a5 {[%emt 0:03:52]} 28. bxa5 {[%emt 0:01:57]} Rxa5 {[%emt 0:00:18]} 29. Rd6 {[%emt 0:00:19]} Nf8 {[%emt 0:00:46]} 30. Rb6 {[%emt 0:03:28]} Ng6 {[%emt 0:02:21]} 31. g3 {[%emt 0:01:07]} Ne7 {[%emt 0:02:12]} 32. Kf1 {[%emt 0:01:04]} Ra7 {[%emt 0:01:44]} 33. Ke2 {[%emt 0:01:18]} Kf7 {[%emt 0:02:50]} 34. Kd3 {[%emt 0:08:19]} h5 {[%emt 0:02:13]} 35. Nd2 {[%emt 0:00:59]} h4 {[%emt 0:01:01]} 36. Nb1 {[%emt 0:01:26]} Nf5 {[%emt 0:01:08]} 37. g4 {[%emt 0:00:46]} Ne7 {[%emt 0:00:36]} 38. Nc3 {[%emt 0:00:14]} Ra5 {[%emt 0:01:30]} 39. Rb5 {[%emt 0:02:53]} Rxb5 {[%emt 0:00:32]} 40. Nxb5 {[%emt 0:00:06]} g5 {[%emt 0:00:14]} 41. Nc3 {[%emt 0:00:40]} Ke6 {[%emt 0:00:10]} 42. Nxa4 {[%emt 0:04:05]} Ng6 {[%emt 0:00:10]} 43. Nc5+ {[%emt 0:00:36]} Kd6 {[%emt 0:00:06]} 44. Ke3 {[%emt 0:00:14]} Nf4 {[%emt 0:00:10]} 45. Nd3 {[%emt 0:00:19]} Nxh3 {[%emt 0:00:23]} 46. f3 {[%emt 0:00:23]} Kc6 {[%emt 0:01:21]} 47. Nb4+ {[%emt 0:06:42]} Kd6 {[%emt 0:00:05]} 48. Nd3 {[%emt 0:00:07]} Kc6 {[%emt 0:00:06]} 49. Nb4+ {[%emt 0:08:11]} Kd6 {[%emt 0:00:06] Ke4 [%clk 0:00:00]} 1/2-1/2

[Event "Irish International Open 2019"]
[Site "Dublin"]
[Date "2019.04.21"]
[Round "8.10"]
[White "Moran, Stephen"]
[Black "Burns-Mannion, Stephen"]
[Result "0-1"]
[WhiteElo "2165"]
[BlackElo "2285"]
[Annotator "NA"]
[PlyCount "60"]
[EventDate "2019.02.28"]
[EventType "swiss"]
[EventCountry "IRL"]
[SourceTitle "playchess.com"]
[Source "ChessBase"]
[SourceQuality "1"]
[TimeControl "5400+30"]

1. d4 {[%emt 0:00:00]} d5 {[%emt 0:00:00]} 2. c4 {[%emt 0:00:00]} dxc4 {[%emt 0:00:00]} 3. e4 {[%emt 0:00:04]} e5 {[%emt 0:00:00]} 4. Nf3 {[%emt 0:00:06]} exd4 {[%emt 0:00:33]} 5. Bxc4 {[%emt 0:00:08]} Bb4+ {[%emt 0:00:09]} 6. Nbd2 {[%emt 0:00:14]} Nc6 {[%emt 0:00:54]} 7. O-O {[%emt 0:00:26]} Nf6 {[%emt 0:00:23]} 8. e5 {[%emt 0:03:56]} Nd5 {[%emt 0:00:12]} 9. Nb3 {[%emt 0:04:58]} Nb6 {[%emt 0:00:38]} 10. Bg5 {[%emt 0:04:41]} Be7 {[%emt 0:00:57]} 11. Bxe7 {[%emt 0:00:46]} Qxe7 {[%emt 0:05:47]} 12. Bb5 {[%emt 0:01:06]} Bd7 {[%emt 0:16:00]} 13. Bxc6 {[%emt 0:02:27]} Bxc6 {[%emt 0:00:18]} 14. Nfxd4 {[%emt 0:01:16]} Bd5 {[%emt 1:11:09]} 15. Qg4 {[%emt 0:03:32]} g6 {[%emt 0:00:00]} 16. Rfe1 {[%emt 0:02:12]} c5 {[%emt 0:00:00]} 17. Nb5 {[%emt 0:13:21]} O-O {[%emt 0:00:00]} 18. Qf4 {[%emt 0:14:27]} Be6 {[%emt 0:00:00]} 19. Rad1 {[%emt 0:10:23]} Nd5 {[%emt 0:00:00]} 20. Qf3 {[%emt 0:07:54]} Nb4 {[%emt 0:00:00]} 21. a3 {[%emt 0:02:33]} Nc6 {[%emt 0:00:00]} 22. Nd6 {[%emt 0:01:34]} Bxb3 {[%emt 0:00:00]} 23. Qxb3 {[%emt 0:00:11]} b6 {[%emt 0:00:00]} 24. f4 {[%emt 0:12:41]} Nd4 {[%emt 0:00:00]} 25. Qd5 {[%emt 0:02:00]} Qe6 {[%emt 0:00:00]} 26. Qe4 {[%emt 0:01:43]} f5 {[%emt 0:00:00]} 27. Qd3 {[%emt 0:02:10]} Rad8 {[%emt 0:00:00]} 28. Kf2 {[%emt 0:03:03]} a5 {[%emt 0:00:00]} 29. Qc4 {[%emt 0:00:36]} Rxd6 {[%emt 0:00:00]} 30. Rxd4 {[%emt 0:00:33]} cxd4 {[%emt 0:00:00]} 0-1

[Event "Irish International Open 2019"]
[Site "Dublin"]
[Date "2019.04.21"]
[Round "8.11"]
[White "Reprun, Nadejda"]
[Black "Pulkkinen, Kari"]
[Result "0-1"]
[WhiteElo "1995"]
[BlackElo "2265"]
[Annotator "NA"]
[PlyCount "72"]
[EventDate "2019.02.28"]
[EventType "swiss"]
[EventCountry "IRL"]
[SourceTitle "playchess.com"]
[Source "ChessBase"]
[SourceQuality "1"]
[TimeControl "5400+30"]

1. e4 {[%emt 0:00:00]} c5 {[%emt 0:00:00]} 2. Nf3 {[%emt 0:00:00]} g6 {[%emt 0:00:00]} 3. d4 {[%emt 0:00:00]} cxd4 {[%emt 0:00:02]} 4. Nxd4 {[%emt 0:00:00]} Nc6 {[%emt 0:00:18]} 5. Nc3 {[%emt 0:00:11]} Bg7 {[%emt 0:00:17]} 6. Be3 {[%emt 0:00:19]} Nf6 {[%emt 0:00:15]} 7. Bc4 {[%emt 0:05:46]} Qa5 {[%emt 0:00:48]} 8. Nxc6 {[%emt 0:25:24]} bxc6 {[%emt 0:00:47]} 9. O-O {[%emt 0:01:44]} O-O {[%emt 0:01:01]} 10. f3 {[%emt 0:10:04]} Rd8 {[%emt 0:05:31]} 11. Bb3 {[%emt 0:03:45]} d5 {[%emt 0:01:31]} 12. exd5 {[%emt 0:00:46]} cxd5 {[%emt 0:00:58]} 13. Bd4 {[%emt 0:00:15]} e6 {[%emt 0:13:12]} 14. Re1 {[%emt 0:00:31]} Bd7 {[%emt 0:01:35]} 15. Qd2 {[%emt 0:00:48]} Qb4 {[%emt 0:01:09]} 16. Rad1 {[%emt 0:01:39]} a5 {[%emt 0:02:02]} 17. a3 {[%emt 0:01:47]} Qb7 {[%emt 0:00:43]} 18. a4 {[%emt 0:01:04]} Bc6 {[%emt 0:03:27]} 19. Qf2 {[%emt 0:02:35]} Nd7 {[%emt 0:00:36]} 20. Bxg7 {[%emt 0:03:39]} Kxg7 {[%emt 0:00:07]} 21. Kh1 {[%emt 0:00:24]} Rab8 {[%emt 0:03:34]} 22. Qh4 {[%emt 0:02:30]} Re8 {[%emt 0:00:53]} 23. h3 {[%emt 0:03:54]} Qc7 {[%emt 0:01:16]} 24. Re2 {[%emt 0:05:33]} Qd8 {[%emt 0:03:52]} 25. Qe1 {[%emt 0:01:55]} Kg8 {[%emt 0:03:17]} 26. Nb5 {[%emt 0:10:38]} Nc5 {[%emt 0:07:19]} 27. Nd4 {[%emt 0:04:37]} Bd7 {[%emt 0:00:50]} 28. Nb5 {[%emt 0:01:26]} Bxb5 {[%emt 0:00:41]} 29. axb5 {[%emt 0:00:09]} Nxb3 {[%emt 0:00:10]} 30. cxb3 {[%emt 0:00:10]} Rxb5 {[%emt 0:00:07]} 31. Rd4 {[%emt 0:00:35]} Qb6 {[%emt 0:03:39]} 32. Qd2 {[%emt 0:02:18]} Rc8 {[%emt 0:01:02]} 33. Rh4 {[%emt 0:00:41]} Rb4 {[%emt 0:03:09]} 34. g4 {[%emt 0:01:45]} Qd4 {[%emt 0:00:56]} 35. Qe1 {[%emt 0:03:54]} Qf4 {[%emt 0:02:07]} 36. Re3 {[%emt 0:01:36]} Rc2 {[%emt 0:00:43]} 0-1

[Event "Irish International Open 2019"]
[Site "Dublin"]
[Date "2019.04.21"]
[Round "8.12"]
[White "Melaugh, Shane"]
[Black "Horvath, Gabor"]
[Result "1/2-1/2"]
[WhiteElo "2105"]
[BlackElo "2252"]
[Annotator "NA"]
[PlyCount "55"]
[EventDate "2019.02.28"]
[EventType "swiss"]
[EventCountry "IRL"]
[SourceTitle "playchess.com"]
[Source "ChessBase"]
[SourceQuality "1"]
[TimeControl "5400+30"]

1. c4 {[%emt 0:00:00]} e5 {[%emt 0:00:00]} 2. Nc3 {[%emt 0:00:00]} Nf6 {[%emt 0:00:00]} 3. Nf3 {[%emt 0:00:00]} Nc6 {[%emt 0:00:00]} 4. e4 {[%emt 0:00:00]} Bc5 {[%emt 0:03:30]} 5. Nxe5 {[%emt 0:00:00]} Nxe5 {[%emt 0:15:20]} 6. d4 {[%emt 0:00:03]} Bxd4 {[%emt 0:18:46]} 7. Qxd4 {[%emt 0:00:15]} d6 {[%emt 0:02:36]} 8. Bg5 {[%emt 0:02:06]} h6 {[%emt 0:01:26]} 9. Bh4 {[%emt 0:00:53]} Be6 {[%emt 0:08:26]} 10. Nd5 {[%emt 0:03:35]} g5 {[%emt 0:08:26]} 11. Bg3 {[%emt 0:01:00]} Bxd5 {[%emt 0:00:58]} 12. exd5 {[%emt 0:06:02]} O-O {[%emt 0:00:48]} 13. O-O-O {[%emt 0:00:35]} Nfd7 {[%emt 0:04:30]} 14. f4 {[%emt 0:01:26]} Ng6 {[%emt 0:01:31]} 15. f5 {[%emt 0:04:16]} Nge5 {[%emt 0:00:13]} 16. h4 {[%emt 0:00:15]} Qf6 {[%emt 0:00:31]} 17. hxg5 {[%emt 0:01:01]} hxg5 {[%emt 0:00:18]} 18. Bd3 {[%emt 0:02:16]} Kg7 {[%emt 0:00:53]} 19. Rh3 {[%emt 0:10:58]} Rh8 {[%emt 0:01:48]} 20. Bf2 {[%emt 0:00:11]} Rxh3 {[%emt 0:06:56]} 21. gxh3 {[%emt 0:00:01]} Nxd3+ {[%emt 0:00:23]} 22. Qxd3 {[%emt 0:00:26]} Ne5 {[%emt 0:01:28]} 23. Qe4 {[%emt 0:00:40]} Rh8 {[%emt 0:01:09]} 24. Rh1 {[%emt 0:02:44]} Kf8 {[%emt 0:05:00]} 25. c5 {[%emt 0:01:12]} g4 {[%emt 0:01:44]} 26. h4 {[%emt 0:00:16]} Rh5 {[%emt 0:00:19]} 27. cxd6 {[%emt 0:03:15]} cxd6 {[%emt 0:00:06]} 28. Bxa7 {[%emt 1:00:34]} 1/2-1/2

[Event "Irish International Open 2019"]
[Site "Dublin"]
[Date "2019.04.21"]
[Round "8.13"]
[White "Thorarinsson, Pall A."]
[Black "Murray, David"]
[Result "1/2-1/2"]
[WhiteElo "2246"]
[BlackElo "2152"]
[Annotator "NA"]
[PlyCount "94"]
[EventDate "2019.02.28"]
[EventType "swiss"]
[EventCountry "IRL"]
[SourceTitle "playchess.com"]
[Source "ChessBase"]
[SourceQuality "1"]
[TimeControl "5400+30"]

1. e4 {[%emt 0:00:00]} c5 {[%emt 0:00:00]} 2. Nf3 {[%emt 0:00:00]} Nc6 {[%emt 0:00:04]} 3. Bb5 {[%emt 0:00:01]} g6 {[%emt 0:01:18]} 4. Bxc6 {[%emt 0:00:15]} dxc6 {[%emt 0:01:21]} 5. d3 {[%emt 0:00:39]} Bg7 {[%emt 0:01:47]} 6. h3 {[%emt 0:00:33]} Nh6 {[%emt 0:01:17]} 7. Nc3 {[%emt 0:00:37]} f6 {[%emt 0:00:15]} 8. Be3 {[%emt 0:04:21]} b6 {[%emt 0:00:40]} 9. Qd2 {[%emt 0:04:13]} Nf7 {[%emt 0:00:21]} 10. Nh2 {[%emt 0:01:05]} e5 {[%emt 0:02:10]} 11. f4 {[%emt 0:06:49]} Be6 {[%emt 0:02:24]} 12. g4 {[%emt 0:03:43]} exf4 {[%emt 0:03:21]} 13. Bxf4 {[%emt 0:03:08]} h5 {[%emt 0:01:46]} 14. O-O-O {[%emt 0:13:11]} Qd7 {[%emt 0:05:25]} 15. Qg2 {[%emt 0:04:50]} hxg4 {[%emt 0:03:57]} 16. Nxg4 {[%emt 0:03:58]} O-O-O {[%emt 0:03:50]} 17. Nf2 {[%emt 0:00:59]} Bh6 {[%emt 0:02:25]} 18. Bxh6 {[%emt 0:04:39]} Rxh6 {[%emt 0:00:15]} 19. Ng4 {[%emt 0:01:29]} Bxg4 {[%emt 0:02:42]} 20. hxg4 {[%emt 0:00:13]} Rdh8 {[%emt 0:01:45]} 21. Rxh6 {[%emt 0:00:22]} Rxh6 {[%emt 0:00:42]} 22. Rf1 {[%emt 0:00:14]} Qe6 {[%emt 0:04:55]} 23. Kb1 {[%emt 0:46:11]} Rh4 {[%emt 0:05:14]} 24. a3 {[%emt 0:00:00]} Rxg4 {[%emt 0:06:06]} 25. Rxf6 {[%emt 0:00:00]} Rxg2 {[%emt 0:00:58]} 26. Rxe6 {[%emt 0:00:00]} Kd7 {[%emt 0:00:56]} 27. Rf6 {[%emt 0:00:00]} Ne5 {[%emt 0:01:57]} 28. b4 {[%emt 0:00:00]} Ke7 {[%emt 0:02:22]} 29. Rf1 {[%emt 0:00:00]} cxb4 {[%emt 0:00:23]} 30. axb4 {[%emt 0:00:00]} g5 {[%emt 0:01:13]} 31. b5 {[%emt 0:00:00]} cxb5 {[%emt 0:03:51]} 32. Nxb5 {[%emt 0:00:00]} g4 {[%emt 0:02:05]} 33. Nd4 {[%emt 0:00:00]} a5 {[%emt 0:09:56]} 34. Rf5 {[%emt 0:00:00]} Nf7 {[%emt 0:02:18]} 35. Rb5 {[%emt 0:00:00]} Nd6 {[%emt 0:02:05]} 36. Rxb6 {[%emt 0:00:00]} g3 {[%emt 0:00:50]} 37. Nf5+ {[%emt 0:01:08]} Nxf5 {[%emt 0:00:19]} 38. exf5 {[%emt 0:00:04]} Rf2 {[%emt 0:01:35]} 39. Rg6 {[%emt 0:00:07]} g2 {[%emt 0:00:57]} 40. Kb2 {[%emt 0:01:37]} a4 {[%emt 0:00:35]} 41. d4 {[%emt 0:03:02]} a3+ {[%emt 0:01:33]} 42. Kxa3 {[%emt 0:00:12]} Rxc2 {[%emt 0:00:10]} 43. Kb4 {[%emt 0:00:07]} Rf2 {[%emt 0:01:46]} 44. Kc4 {[%emt 0:00:23]} Rxf5 {[%emt 0:01:35]} 45. Rxg2 {[%emt 0:00:06]} Kd7 {[%emt 0:00:56]} 46. Rg6 {[%emt 0:01:26]} Rh5 {[%emt 0:00:46]} 47. d5 {[%emt 0:00:35]} Rh1 {[%emt 0:00:18]} 1/2-1/2